000 00736nam a2200241Ia 4500
003 OSt
005 20220926012903.0
006 a|||||r|||| 00| 0
007 ta
008 220923b |||||||| |||| 00| 0 eng d
037 _cGeneral Book
040 _aRTL
_cRTL
_beng
041 _2eng
_aeng
082 _aX9(KZ), N0
100 _aGalaty John G
_9275830
245 0 _aWorld to pastoralism
_b Herding systems in comparation
260 _aNew York
_bGuilford Press USA
_c1990
300 _ax,436p Bibliography chapterwise
_ccm.
650 _aAnimal Husbandry Industry
700 _a Johnson Douglas L
_9248151
942 _hX9(KZ), N0
_cGB
_2CC
999 _c624605
_d624605